<?xml version="1.0" encoding="UTF-8"?>
<record
    xmlns:xsi="http://www.w3.org/2001/XMLSchema-instance"
    xsi:schemaLocation="http://www.loc.gov/MARC21/slim http://www.loc.gov/standards/marcxml/schema/MARC21slim.xsd"
    xmlns="http://www.loc.gov/MARC21/slim">

  <leader>00809nam a2200217Ia 4500</leader>
  <controlfield tag="003">GCL</controlfield>
  <controlfield tag="005">20240530110929.0</controlfield>
  <controlfield tag="008">140319s9999    xx            000 0 ara d</controlfield>
  <datafield tag="040" ind1=" " ind2=" ">
    <subfield code="a">GCL / </subfield>
    <subfield code="c">GCL</subfield>
  </datafield>
  <datafield tag="082" ind1="0" ind2="4">
    <subfield code="a">415.1</subfield>
    <subfield code="b">&#x628; &#x62E;</subfield>
  </datafield>
  <datafield tag="100" ind1="1" ind2=" ">
    <subfield code="a">&#x627;&#x644;&#x628;&#x63A;&#x62F;&#x627;&#x62F;&#x649; , &#x639;&#x628;&#x62F;&#x627;&#x644;&#x642;&#x627;&#x62F;&#x631; &#x628;&#x646; &#x639;&#x645;&#x631;</subfield>
  </datafield>
  <datafield tag="245" ind1="1" ind2="0">
    <subfield code="a">&#x62E;&#x632;&#x627;&#x646;&#x629; &#x627;&#x644;&#x627;&#x62F;&#x628; &#x648;&#x644;&#x628; &#x644;&#x628;&#x627;&#x628; &#x644;&#x633;&#x627;&#x646; &#x627;&#x644;&#x639;&#x631;&#x628; / </subfield>
    <subfield code="c">&#x62A;&#x627;&#x644;&#x64A;&#x641; &#x627;&#x644;&#x628;&#x63A;&#x62F;&#x627;&#x62F;&#x649; , &#x639;&#x628;&#x62F;&#x627;&#x644;&#x642;&#x627;&#x62F;&#x631; &#x628;&#x646; &#x639;&#x645;&#x631; &#x61B; &#x645;&#x62D;&#x642;&#x642; &#x639;&#x628;&#x62F;&#x627;&#x644;&#x633;&#x644;&#x627;&#x645; &#x645;&#x62D;&#x645;&#x62F; &#x647;&#x627;&#x631;&#x648;&#x646;</subfield>
  </datafield>
  <datafield tag="260" ind1=" " ind2=" ">
    <subfield code="a">[ &#x627;&#x644;&#x642;&#x627;&#x647;&#x631;&#x629; ] : </subfield>
    <subfield code="b">&#x62F;&#x627;&#x631; &#x627;&#x644;&#x643;&#x62A;&#x627;&#x628; &#x627;&#x644;&#x639;&#x631;&#x628;&#x649; &#x644;&#x644;&#x637;&#x628;&#x627;&#x639;&#x629; &#x648;&#x627;&#x644;&#x646;&#x634;&#x631; &#x60C; </subfield>
    <subfield code="c">1967</subfield>
  </datafield>
  <datafield tag="300" ind1=" " ind2=" ">
    <subfield code="a">&#x645;&#x62A;&#x639;&#x62F;&#x62F; &#x61B;</subfield>
    <subfield code="b">24 &#x633;&#x645;</subfield>
  </datafield>
  <datafield tag="490" ind1=" " ind2=" ">
    <subfield code="a">&#x62A;&#x631;&#x627;&#x62B;&#x646;&#x627; </subfield>
  </datafield>
  <datafield tag="500" ind1="0" ind2=" ">
    <subfield code="a">4 &#x645;&#x62C;&#x644;&#x62F; </subfield>
  </datafield>
  <datafield tag="650" ind1="0" ind2="4">
    <subfield code="a">&#x627;&#x644;&#x646;&#x62D;&#x648;</subfield>
  </datafield>
  <datafield tag="650" ind1="0" ind2="4">
    <subfield code="a">&#x641;&#x642;&#x647; &#x627;&#x644;&#x644;&#x63A;&#x629; &#x627;&#x644;&#x645;&#x642;&#x627;&#x631;&#x646;</subfield>
  </datafield>
  <datafield tag="650" ind1="0" ind2="4">
    <subfield code="a">&#x62A;&#x627;&#x631;&#x64A;&#x62E; &#x648;&#x646;&#x642;&#x62F;</subfield>
  </datafield>
  <datafield tag="942" ind1=" " ind2=" ">
    <subfield code="2">ddc</subfield>
    <subfield code="c">BK</subfield>
  </datafield>
  <datafield tag="999" ind1=" " ind2=" ">
    <subfield code="c">66618</subfield>
    <subfield code="d">66618</subfield>
  </datafield>
  <datafield tag="952" ind1=" " ind2=" ">
    <subfield code="0">0</subfield>
    <subfield code="1">0</subfield>
    <subfield code="2">ddc</subfield>
    <subfield code="4">0</subfield>
    <subfield code="7">0</subfield>
    <subfield code="a">CAI</subfield>
    <subfield code="b">CAI</subfield>
    <subfield code="c">&#x627;&#x644;&#x644;&#x63A;&#x627;&#x62A;-&#x639;&#x631;&#x628;&#x649;</subfield>
    <subfield code="d">2022-08-21</subfield>
    <subfield code="l">0</subfield>
    <subfield code="o">415.1 &#x628; &#x62E;</subfield>
    <subfield code="p">168298</subfield>
    <subfield code="r">2022-08-21 00:00:00</subfield>
    <subfield code="w">2022-08-21</subfield>
    <subfield code="y">BK</subfield>
  </datafield>
  <datafield tag="952" ind1=" " ind2=" ">
    <subfield code="0">0</subfield>
    <subfield code="1">0</subfield>
    <subfield code="2">ddc</subfield>
    <subfield code="4">0</subfield>
    <subfield code="7">0</subfield>
    <subfield code="a">CAI</subfield>
    <subfield code="b">CAI</subfield>
    <subfield code="c">&#x627;&#x644;&#x644;&#x63A;&#x627;&#x62A;-&#x639;&#x631;&#x628;&#x649;</subfield>
    <subfield code="d">2022-08-21</subfield>
    <subfield code="l">0</subfield>
    <subfield code="o">415.1 &#x628; &#x62E;</subfield>
    <subfield code="p">168299</subfield>
    <subfield code="r">2022-08-21 00:00:00</subfield>
    <subfield code="w">2022-08-21</subfield>
    <subfield code="y">BK</subfield>
  </datafield>
  <datafield tag="952" ind1=" " ind2=" ">
    <subfield code="0">0</subfield>
    <subfield code="1">0</subfield>
    <subfield code="2">ddc</subfield>
    <subfield code="4">0</subfield>
    <subfield code="7">0</subfield>
    <subfield code="a">CAI</subfield>
    <subfield code="b">CAI</subfield>
    <subfield code="c">&#x627;&#x644;&#x644;&#x63A;&#x627;&#x62A;-&#x639;&#x631;&#x628;&#x649;</subfield>
    <subfield code="d">2022-08-21</subfield>
    <subfield code="l">0</subfield>
    <subfield code="o">415.1 &#x628; &#x62E;</subfield>
    <subfield code="p">168300</subfield>
    <subfield code="r">2022-08-21 00:00:00</subfield>
    <subfield code="w">2022-08-21</subfield>
    <subfield code="y">BK</subfield>
  </datafield>
  <datafield tag="952" ind1=" " ind2=" ">
    <subfield code="0">0</subfield>
    <subfield code="1">0</subfield>
    <subfield code="2">ddc</subfield>
    <subfield code="4">0</subfield>
    <subfield code="7">0</subfield>
    <subfield code="a">CAI</subfield>
    <subfield code="b">CAI</subfield>
    <subfield code="c">&#x627;&#x644;&#x644;&#x63A;&#x627;&#x62A;-&#x639;&#x631;&#x628;&#x649;</subfield>
    <subfield code="d">2022-08-21</subfield>
    <subfield code="l">0</subfield>
    <subfield code="o">415.1 &#x628; &#x62E;</subfield>
    <subfield code="p">168301</subfield>
    <subfield code="r">2022-08-21 00:00:00</subfield>
    <subfield code="w">2022-08-21</subfield>
    <subfield code="y">BK</subfield>
  </datafield>
</record>
